Piloti Vincitori dei Gran Premi di Formula 1 2013 - Statistics

Statistiche generali
  • Questo quiz è stato fatto 18 volte
  • Il punteggio medio è 18 su 19
Statistiche sulle risposte
Gran Premio Vincitore % Corretto
Gran Premio d'Ungheria Lewis Hamilton
100%
Gran Premio della Malesia Sebastian Vettel
100%
Gran Premio del Bahrein Sebastian Vettel
100%
Gran Premio del Canada Sebastian Vettel
100%
Gran Premio di Germania Sebastian Vettel
100%
Gran Premio del Belgio Sebastian Vettel
100%
Gran Premio d'Italia Sebastian Vettel
100%
Gran Premio di Singapore Sebastian Vettel
100%
Gran Premio di Corea Sebastian Vettel
100%
Gran Premio del Giappone Sebastian Vettel
100%
Gran Premio d'India Sebastian Vettel
100%
Gran Premio di Abu Dhabi Sebastian Vettel
100%
Gran Premio degli Stati Uniti Sebastian Vettel
100%
Gran Premio del Brasile Sebastian Vettel
100%
Gran Premio di Cina Fernando Alonso
94%
Gran Premio di Spagna Fernando Alonso
94%
Gran Premio di Monaco Nico Rosberg
94%
Gran Premio di Gran Bretagna Nico Rosberg
94%
Gran Premio d'Australia Kimi Räikkönen
71%
Nessun quiz corrispondente trovato
Distribuzione punteggi
Percentuale di utenti per punteggio
Percentile per numero di risposta
I tuoi punteggi nel tempo
Non hai fatto questo quiz